Good small business guide 2012 : how to start and grow your own business.
| Format: | Book |
|---|---|
| Published: |
London:
Bloomsbury Publishing,
2012.
|
| Edition: | 6th ed. |
| Subjects: |
| LEADER | 00479cam a2200157 7i4500 | ||
|---|---|---|---|
| 001 | 0000028005 | ||
| 005 | 20121227090000.0 | ||
| 020 | 0 | 0 | |a 9781408152386 |
| 090 | 0 | 0 | |a B 658.022 |b GOO |
| 245 | 0 | 0 | |a Good small business guide 2012 : |b how to start and grow your own business. |
| 250 | 0 | 0 | |a 6th ed. |
| 260 | 0 | 0 | |a London: |b Bloomsbury Publishing, |c 2012. |
| 300 | # | # | |a 590 p. |
| 650 | 0 | 0 | |a Small business |
| 650 | 0 | 0 | |a New business enterprises |
| 999 | |a B000031355 |b Book |c Book |e Business Information Centre | ||


